000 00959nam a22002177a 4500
003 BD-DhJNU
005 20260216070801.0
008 260216b |||||||| |||| 00| 0 eng d
020 _a9789848796931
040 _aBD-DhJNU
_bBEN
_cBD-DhJNU
_dBD-DhJNU
082 _223
_a701.17
242 _aArt and aesthetics /
_cEdited by Pradeep Kumar Nandi
245 _aশিল্প ও নন্দনতত্ত্ব /
_cপ্রদীপ কুমার নন্দী কর্তৃক সম্পাদিত
260 _aঢাকা :
_bঅবসর,
_c২০১৪
300 _a৫২৭ পৃ. :
_c২২ সে.মি.।
504 _aগ্রন্থপঞ্জিগত নির্দেশিকা ও নিঘন্ট অন্তভূক্ত
650 _aনন্দনতত্ত্ব
650 _aAesthetics
700 _aনন্দী, প্রদীপ কুমার
_eসম্পাদক
942 _2ddc
_cBK
_n0
999 _c2613
_d2613